000 00904cam a2200253 4500
001 L159313
008 160804n2016 000 0 eng u
020 _a9781315695129
035 _a(Sirsi) u159313
041 0 _aeng
100 1 _aSmith, Jim
245 0 0 _aBuilding cost planning for the design team
_h[electronic resource]
250 _a3rd ed.
260 _aOxford
_bTaylor Franci
_c2016
300 _aeBook
520 _aDiscusses decisions made in building cost planning where design, cost, quality, time, value or sustainability are seen to be interrelated. Focuses on the context of building cost planning and the design stages.
590 _aKA
650 2 4 _aEBOOK
651 4 _aInternational
690 _aCost management
_96233
700 1 _aJaggar, David
856 4 8 _uhttps://www.vlebooks.com/
_zView on VLEbooks. Logins for members only from [email protected]
942 _n0
999 _c115796
_d115796